02473nam a2200325 a 4500001001000000005001700010008004100027041000800068044000700076084002000083100004500103245009500148260003200243300002400275440004200299500035200341500032200693500061501015500001001630650005201640650005601692650003401748650004501782700005101827700005101878700006101929700005301990700005402043740005002097BRCA_255320190320203848.0261108c-----------#---###---#000-0dspa-u aspa asp a157b.G38c18641 aCervantes Saavedra, Miguel ded1547-161610aEl Ingenioso Hidalgo Don Quijote de la Manchaccompuesto por Miguel de Cervantes Saavedra. aMadridbGaspar y Roigc1864 a540 p.bil.c27 cm. 0aBiblioteca ilustrada de Gaspar y Roig aContenido : Primera parte. Retrato de Cervantes. Advertencia de los editores. Dedicatoria del autor. Prólogo del autor. Versos preliminares. Texto. Segunda parte. Documentos de la edición príncipe. Dedicatoria del autor. Prólogo del autor. Vida de Cervantes por J. M. Quintana. Texto. El Buscapié con un prólogo y notas de A. de Castro aEdición : Novísima edición con notas históricas, críticas y gramaticales de la Academia Española, Pellicer, Arrieta, Clemencín, Cuesta, Janer, etc. Aumentado con el Buscapié anotado por Adolfo de Castro. Adornado con 300 grabados intercalados, láminas sueltas y el retrato del autor grabado en acero aEdición popular con notas de los más conocidos anotadores y comentadores españoles tradicionales. Explican mayormente minucias históricas y literarias, así como supuestos errores gramaticales, enfocando el texto desde el punto de vista de la letra y no del espíritu. Contiene el buscapié, aparente clave de la obra, preseuntamente escrito por Cervantes, pero en realidad, por su anotador Adolfo de Castro. Está profusamente ilustrada con dibujos, copias de los de Johannot, hechos por Urrabieta, Vallejo, Gaspar, Martí y otros. Semipiel; lomeras decoradas con adornos dorados Lúdovik Osterc aQM14214aNovela españolayÉpoca clásica, 1500-170014aLiteratura españolayÉpoca clásica, 1500-170014aNovela españolaySiglo XVII14aDon Quijote (Personaje ficticio)eNovela1 aQuintana, José Manueld1772-1857eBiógrafo1 aCastro y Rossi, Adolfo ded1823-1898eAnotador1 aPellicer y Pillares, Juan Antoniod1738-1806eBiógrafo1 aGarcía Arrieta, Agustínd1775-1834eAnotador1 aClemencín y Viñas, Diegod1785-1834eAnotador0 aEl Ingenioso Hidalgo Don Quijote de la Mancha